000 00441nam a2200169Ia 4500
008 191130s2004##################000#0#eng##
020 _a406976902
040 _aACL
_cACL
082 _a348.4204 THE
245 _aThe all England law reports 2004
260 _aLondon
_bButterworth & Co
_c2004
300 _a1054 p.; 23 cm
650 _aLaw- Reports
990 _a0ce18402ac10000c4a80cc5c9b0a9630
991 _a393139
999 _c300819
_d300819